000 00650nam a2200265 a 4500
003 AR-BaBNM
005 20251128203216.0
008 082120s2002 ||||||||||||||000 | spa||
040 _cAR-BaBNM
100 1 _aMc Neer, May
245 0 0 _aAbraham Lincoln
250 _a1ยช ed.
260 _aBuenos Aires
_bAgora
_c1959
300 _a120 p.
_bil.
490 0 _aJuvenil ilustrada
650 4 _aBIOGRAFIAS
650 4 _aHISTORIA POLITICA
650 4 _aSIGLO DIECINUEVE
651 4 _aEstados Unidos
655 _aBIOGRAFIAS
700 1 _aCalichio, Mario H.
_etraductor
700 1 _aWard, Lind
_eilustrador
942 _cBK
998 _cEnrique
999 _c2398
_d2398